Heat / (Record no. 2791)

MARC details
000 -LEADER
fixed length control field 01310cam a2200397 a 4500
001 - CONTROL NUMBER
control field 2791
003 - CONTROL NUMBER IDENTIFIER
control field FISKH
005 - DATE AND TIME OF LATEST TRANSACTION
control field 20240326090709.0
008 - FIXED-LENGTH DATA ELEMENTS--GENERAL INFORMATION
fixed length control field 050509s2006 nyu c 000 f eng
010 ## - LIBRARY OF CONGRESS CONTROL NUMBER
LC control number 2005013521
020 ## - INTERNATIONAL STANDARD BOOK NUMBER
International Standard Book Number 0399243011 (hardcover) :
020 ## - INTERNATIONAL STANDARD BOOK NUMBER
International Standard Book Number 9780399243011
020 ## - INTERNATIONAL STANDARD BOOK NUMBER
International Standard Book Number 9780439024181
040 ## - CATALOGING SOURCE
Original cataloging agency DLC
Transcribing agency DLC
Modifying agency DLC
Language of cataloging eng
042 ## - AUTHENTICATION CODE
Authentication code lcac
050 00 - LIBRARY OF CONGRESS CALL NUMBER
Classification number PZ7.L97914
Item number Hea 2006
082 00 - DEWEY DECIMAL CLASSIFICATION NUMBER
Classification number [Fic]
Edition number 22
100 1# - MAIN ENTRY--PERSONAL NAME
Personal name Lupica, Mike.
245 10 - TITLE STATEMENT
Title Heat /
Statement of responsibility, etc. Mike Lupica.
250 ## - EDITION STATEMENT
Edition statement First Scholastic printing, January 2007
260 ## - PUBLICATION, DISTRIBUTION, ETC.
Place of publication, distribution, etc. New York :
Name of publisher, distributor, etc. Scholastic,
Date of publication, distribution, etc. 2006.
300 ## - PHYSICAL DESCRIPTION
Extent 220 pages ;
Dimensions 23 cm
505 ## - FORMATTED CONTENTS NOTE
Formatted contents note S
520 ## - SUMMARY, ETC.
Summary, etc. Pitching prodigy Michael Arroyo is on the run from social services after being banned from playing Little League baseball because rival coaches doubt he is only twelve years old and he has no parents to offer them proof.
521 8# - TARGET AUDIENCE NOTE
Target audience note 940
Source Lexile
586 8# - AWARDS NOTE
Awards note A Junior Library Guild selection.
650 #1 - SUBJECT ADDED ENTRY--TOPICAL TERM
Topical term or geographic name entry element Brothers
Form subdivision Fiction.
650 #1 - SUBJECT ADDED ENTRY--TOPICAL TERM
Topical term or geographic name entry element Orphans
Form subdivision Fiction.
650 #1 - SUBJECT ADDED ENTRY--TOPICAL TERM
Topical term or geographic name entry element Noncitizens
Form subdivision Fiction.
650 #1 - SUBJECT ADDED ENTRY--TOPICAL TERM
Topical term or geographic name entry element Cubans
Form subdivision Fiction.
650 #1 - SUBJECT ADDED ENTRY--TOPICAL TERM
Topical term or geographic name entry element Little League baseball
Form subdivision Fiction.
650 #1 - SUBJECT ADDED ENTRY--TOPICAL TERM
Topical term or geographic name entry element Baseball
Form subdivision Fiction.
650 #1 - SUBJECT ADDED ENTRY--TOPICAL TERM
Topical term or geographic name entry element Social service
Form subdivision Fiction.
906 ## - LOCAL DATA ELEMENT F, LDF (RLIN)
a 7
b cbc
c orignew
d 1
e ecip
f 20
g y-gencatlg
942 ## - ADDED ENTRY ELEMENTS (KOHA)
Source of classification or shelving scheme Dewey Decimal Classification
Koha item type Books
Suppress in OPAC No
Holdings
Withdrawn status Lost status Source of classification or shelving scheme Damaged status Not for loan Collection Home library Current library Shelving location Date acquired Total Checkouts Full call number Barcode Date last seen Copy number Price effective from Koha item type
    Dewey Decimal Classification     Fiction Footprints International School Library Network Toul Kork Campus Footprints International School Library Network Toul Kork Campus   01/15/2024   LUP Fic PZ7.L97914 FISSE00206 01/15/2024 1 01/15/2024 Books
    Dewey Decimal Classification     Fiction Footprints International School Library Network Toul Kork Campus Footprints International School Library Network Toul Kork Campus   01/15/2024   LUP Fic PZ7.L97914 FISSE00211 01/15/2024 2 01/15/2024 Books
    Dewey Decimal Classification     Fiction Footprints International School Library Network Toul Kork Campus Footprints International School Library Network Toul Kork Campus   01/23/2024   LUP Fic PZ7.L97914 FISSE00203 01/23/2024 3 01/23/2024 Books
    Dewey Decimal Classification     Fiction Footprints International School Library Network Toul Kork Campus Footprints International School Library Network Toul Kork Campus   01/23/2024   LUP Fic PZ7.L97914 FISSE00209 01/23/2024 4 01/23/2024 Books
    Dewey Decimal Classification     Fiction Footprints International School Library Network Toul Kork Campus Footprints International School Library Network Toul Kork Campus   01/23/2024   LUP Fic PZ7.L97914 FISSE00205 01/23/2024 5 01/23/2024 Books
    Dewey Decimal Classification     Fiction Footprints International School Library Network Toul Kork Campus Footprints International School Library Network Toul Kork Campus   01/23/2024   LUP Fic PZ7.L97914 FISSE00204 01/23/2024 6 01/23/2024 Books
    Dewey Decimal Classification     Fiction Footprints International School Library Network Toul Kork Campus Footprints International School Library Network Toul Kork Campus   01/23/2024   LUP Fic PZ7.L97914 FISSE00208 02/01/2024 7 01/23/2024 Books
    Dewey Decimal Classification     Fiction Footprints International School Library Network Toul Kork Campus Footprints International School Library Network Toul Kork Campus   02/17/2024   LUP Fic PZ7.L97914 FISSE00202 02/17/2024 8 02/17/2024 Books
    Dewey Decimal Classification     Fiction Footprints International School Library Network Toul Kork Campus Footprints International School Library Network Toul Kork Campus TTP Secondary Fiction Bookshelves 03/26/2024   LUP Fic PZ7.L97914 2024-0406 03/26/2024 9 03/26/2024 Books
    Dewey Decimal Classification     Fiction Footprints International School Library Network Toul Kork Campus Footprints International School Library Network Toul Kork Campus TTP Secondary Fiction Bookshelves 03/26/2024   LUP Fic PZ7.L97914 2024-0407 03/26/2024 10 03/26/2024 Books